00280 a2200109 4500001000700000020000600007040001100013100004400024240004900068245004400117362000900161170277 a  cMagnum aColegio Magnum Agostiniano - 2ยช Series10aProjeto cientifico de ciencias/biologialpor10aProjeto cientifico de ciencias/biologia0 a1899